Paises que han participado en el festival de Eurovision (1956-2017) - Estadísticas

Estadísticas generales
  • Esta prueba ha sido intentada 485 veces
    478 desde el último reinicio
  • La puntuación promedio es 45 de 52
Estadísticas de respuestas
Respuestas % Correcto
España
99%
Suecia
97%
Italia
95%
Reino Unido
95%
Rusia
95%
Alemania
94%
Estonia
94%
Finlandia
94%
Francia
94%
Letonia
94%
Países Bajos
94%
Portugal
94%
Bélgica
93%
Irlanda
93%
Lituania
93%
Noruega
93%
Andorra
91%
Austria
91%
Grecia
91%
Luxemburgo
91%
Serbia
91%
Suiza
91%
Dinamarca
90%
Eslovaquia
90%
Eslovenia
90%
San Marino
90%
Australia
89%
Polonia
89%
Ucrania
89%
Croacia
88%
Israel
87%
Republica Checa
87%
Islandia
86%
Monaco
86%
Montenegro
86%
Rumania
86%
Albania
85%
Chipre
85%
Hungria
85%
Macedonia
84%
Malta
83%
Turquia
83%
Armenia
82%
Bosnia-Herzegovina
81%
Bulgaria
81%
Moldavia
81%
Georgia
80%
Azerbaiyan
79%
Bielorrusia
75%
Marruecos
70%
Yugoslavia
66%
Serbia y Montenegro
31%
No se encontraron pruebas coincidentes
Distribución de puntuación
Porcentaje de gente con cada puntuación
Porcentaje por número respondido
Historial de tus puntuaciones
No has intentado esta prueba desde el último reinicio